[Event "Tecumseh (RVO/2/4)"]
[Site "?"]
[Date "1997.??.??"]
[Round "?"]
[White "Kamber, G."]
[Black "Schulte, Michael"]
[Result "1-0"]
[WhiteElo "1945"]
[BlackElo "1605"]
[PlyCount "85"]
[EventDate "1997.??.??"]

{2/(4)} 1. d4 d5 2. c4 e6 3. Nc3 Be7 4. Nf3 Nf6 5. Bg5 O-O 6. e3 h6 7. Bh4 b6
8. cxd5 Nxd5 9. Bxe7 Qxe7 10. Rc1 Bb7 11. Bd3 Nf6 12. O-O Rd8 13. Nb5 c6 14.
Nc3 e5 15. Nxe5 c5 16. Nf3 Nc6 17. dxc5 Nb4 18. c6 Ba6 19. Qa4 Bxd3 20. Rfd1
Bg6 21. Rxd8+ Rxd8 22. a3 Nbd5 23. Nxd5 Nxd5 24. Qc4 Qc7 25. b4 Ne7 26. Nd4 Be4
27. b5 Bd5 28. Qc3 Nc8 29. Nf5 f6 30. Qb4 Nd6 31. a4 Nxf5 32. e4 Be6 33. exf5
Bxf5 34. Qc4+ Kf8 35. Qb4+ Qd6 36. c7 Qxb4 37. cxd8=Q+ Kf7 38. Qc7+ Kg6 39. Qc4
Qa3 40. h3 Be6 41. Qf4 Kf7 42. Rc7+ Ke8 43. Rxa7 1-0

[Event "Tecumseh (RVO/4/4)"]
[Site "?"]
[Date "1997.??.??"]
[Round "?"]
[White "Kamber, G."]
[Black "Beckham, R."]
[Result "1-0"]
[WhiteElo "1945"]
[BlackElo "1945"]
[PlyCount "57"]
[EventDate "1997.??.??"]

{4/(4)} 1. d4 Nf6 2. c4 g6 3. Nc3 Bg7 4. e4 d6 5. Nf3 O-O 6. Be2 e5 7. O-O Na6
8. d5 Nc5 9. Nd2 a5 10. f3 Nh5 11. Nb3 Bd7 12. Nxc5 dxc5 13. Be3 Qe7 14. Qd2
Ra6 15. Rad1 f5 16. Nb5 f4 17. Bf2 Qg5 18. Bxc5 Bh3 19. Bd3 Rf7 20. Kh1 Bc8 21.
Bc2 Qh4 22. Bf2 Ng3+ 23. Kg1 Nxf1 24. Rxf1 Qh5 25. c5 g5 26. d6 c6 27. Nc7 Rf6
28. Bb3+ Kh8 29. d7 1-0

[Event "Kalamazoo (MI Am/5/15)"]
[Site "?"]
[Date "1997.??.??"]
[Round "?"]
[White "Juntunen, Michael"]
[Black "Freeman, C."]
[Result "0-1"]
[WhiteElo "1605"]
[BlackElo "1605"]
[PlyCount "106"]
[EventDate "1997.??.??"]

{5/(15)} 1. c4 e5 2. Nc3 c6 3. Nf3 d6 4. d4 exd4 5. Nxd4 Nf6 6. Bg5 Be7 7. Qc2
O-O 8. e3 g6 9. Be2 c5 10. Nf3 Nc6 11. a3 Bf5 12. Bd3 Be6 13. Bh6 Re8 14. h3
Nd7 15. Ne4 Nde5 16. Nxe5 Nxe5 17. O-O Nxd3 18. Qxd3 Bf5 19. Qc3 f6 20. Nd2 Bf8
21. Bxf8 Rxf8 22. Rfe1 Qe7 23. Rad1 Qe5 24. Qxe5 dxe5 25. e4 Be6 26. b3 Rad8
27. Nb1 Rd4 28. Nc3 Rfd8 29. Nd5 Bxd5 30. exd5 Rd6 31. f3 Ra6 32. Rxd4 cxd4 33.
Ra1 Rd6 34. Kf2 f5 35. Rd1 Kf7 36. g3 a6 37. a4 a5 38. f4 Kf6 39. fxe5+ Kxe5
40. Re1+ Kf6 41. Kf3 g5 42. Rd1 Rb6 43. Rd3 Ke5 44. Ke2 h5 45. Kd2 f4 46. Ke2
Ke4 47. c5 Rf6 48. gxf4 gxf4 49. Rf3 Kxd5 50. Kd3 Kxc5 51. Rf1 Kd5 52. Rc1 f3
53. Rf1 f2 0-1

[Event "Kalamazoo (MI Am/1/29)"]
[Site "?"]
[Date "1997.??.??"]
[Round "?"]
[White "Juntunen, Michael"]
[Black "Dezerne, T."]
[Result "1-0"]
[WhiteElo "1605"]
[BlackElo "1605"]
[PlyCount "59"]
[EventDate "1997.??.??"]

{1/(29)} 1. c4 e6 2. d4 Nf6 3. Nc3 Bb4 4. Qc2 Nc6 5. Nf3 O-O 6. e4 b6 7. Bg5
Qe7 8. e5 h6 9. exf6 gxf6 10. Bxh6 Re8 11. O-O-O f5 12. h4 Bd6 13. Re1 Qf6 14.
Qd2 f4 15. Bg5 Qf5 16. Ne4 Bb4 17. Nc3 Na5 18. Re5 Qh7 19. Bxf4 f6 20. Rb5 Nc6
21. Bxc7 a6 22. Rxb6 a5 23. Bd3 Qh5 24. Rb5 Qg4 25. Qf4 Qxf4+ 26. Bxf4 Kf7 27.
h5 a4 28. a3 Ba5 29. Bg6+ Kg8 30. Bxe8 1-0

[Event "Kalamazoo (MI Am/3/20)"]
[Site "?"]
[Date "1997.??.??"]
[Round "?"]
[White "Juntunen, Michael"]
[Black "Cassidy, M."]
[Result "0-1"]
[WhiteElo "1605"]
[BlackElo "1605"]
[PlyCount "90"]
[EventDate "1997.??.??"]

{3/(20)} 1. c4 b6 2. Nc3 e6 3. a3 Bb7 4. d4 Nf6 5. Bg5 h6 6. Bh4 g5 7. Bg3 a6
8. f3 Bd6 9. Be5 Rg8 10. Qd3 Qe7 11. O-O-O Nc6 12. Bxf6 Qxf6 13. Ne4 Qg6 14.
Nxd6+ cxd6 15. e4 g4 16. Be2 Rc8 17. Kb1 Na5 18. Rc1 Ke7 19. d5 b5 20. Qd2 Nb3
21. Qc3 Nxc1 22. Qxc1 gxf3 23. Bxf3 Rxc4 24. Qe3 Bxd5 25. Ne2 Bxe4+ 26. Ka1
Bxf3 27. gxf3 Qf6 28. Nc3 Qe5 29. Qxh6 b4 30. axb4 Rxb4 31. Qd2 Rd4 32. Qf2 Rg5
33. Re1 Qa5+ 34. Kb1 Rb4 35. Ne4 Qf5 36. h4 Rg4 37. Qc2 Rxh4 38. Qc3 a5 39. Rd1
Rh2 40. Rd2 Rh1+ 41. Kc2 Qe5 42. Qa3 Qb5 43. Nxd6 Qc5+ 44. Qc3 Qxc3+ 45. Kxc3
Rc1+ 0-1

[Event "Lansing (MI Op/6/22)"]
[Site "?"]
[Date "1997.??.??"]
[Round "?"]
[White "June, Brian"]
[Black "Townsend, Paul"]
[Result "0-1"]
[WhiteElo "1800"]
[BlackElo "1965"]
[PlyCount "69"]
[EventDate "1997.??.??"]

{6/(22)} 1. d4 e6 2. Nf3 b6 3. Bf4 Bb7 4. e3 Nf6 5. Bd3 d5 6. Nbd2 c5 7. c3 Nc6
8. O-O Bd6 9. Bg5 h6 10. Bxf6 Qxf6 11. dxc5 Bxc5 12. e4 dxe4 13. Nxe4 Qe7 14.
Qa4 O-O 15. Rad1 a5 16. Rd2 Na7 17. Rfd1 Bc6 18. Qc2 f5 19. Nxc5 Bxf3 20. Nxe6
Bxd1 21. Qxd1 Qxe6 22. b3 Qf6 23. Bc4+ Kh8 24. Rd6 Rad8 25. Rxd8 Rxd8 26. Qc2
b5 27. Bd3 b4 28. h3 Qxc3 29. Bxf5 Qxc2 30. Bxc2 Rd2 31. Be4 Nb5 32. Bc6 Nd4
33. Ba4 Rxa2 34. f3 Rxa4 35. bxa4 0-1

[Event "Lansing (MI Op/4/22)"]
[Site "?"]
[Date "1997.??.??"]
[Round "?"]
[White "June, Brian"]
[Black "Rosenberg, Steve"]
[Result "1/2-1/2"]
[WhiteElo "1800"]
[BlackElo "1925"]
[PlyCount "100"]
[EventDate "1997.??.??"]

{4/(22)} 1. d4 Nf6 2. Nf3 d6 3. c4 g6 4. Nc3 Bg7 5. e4 O-O 6. Be2 Bg4 7. O-O
Nbd7 8. Be3 Bxf3 9. Bxf3 e5 10. d5 Ne8 11. Qd2 f5 12. Bg5 Bf6 13. Bh6 Ng7 14.
exf5 gxf5 15. Be2 Qe8 16. Qd3 Qg6 17. Qh3 Bg5 18. Bxg5 Qxg5 19. Rad1 Rf6 20.
Rd3 Rh6 21. Qg3 Qf6 22. f4 e4 23. Rd2 a6 24. Bd1 Nc5 25. Bc2 Kh8 26. b4 Nd3 27.
Ne2 Nxb4 28. Qc3 Qxc3 29. Nxc3 Nxc2 30. Rxc2 Rg6 31. a4 h5 32. Ne2 Rg8 33. Nd4
Rg4 34. Rff2 b6 35. Rc3 Re8 36. g3 Rg6 37. Re2 Kg8 38. Kf2 Rf6 39. Ree3 Kf7 40.
Kg1 Rg6 41. Kf2 Rh8 42. h4 Ke8 43. a5 Kd7 44. axb6 cxb6 45. Ra3 a5 46. Reb3 Kc7
47. Nb5+ Kb7 48. Nd4 Kc7 49. Nb5+ Kb7 50. Nd4 Kc7 1/2-1/2

[Event "Lansing (MI Op/2/16)"]
[Site "?"]
[Date "1997.??.??"]
[Round "?"]
[White "June, Brian"]
[Black "Kulbacki, James"]
[Result "1/2-1/2"]
[WhiteElo "1800"]
[BlackElo "2005"]
[PlyCount "68"]
[EventDate "1997.??.??"]

{2/(16)} 1. d4 e6 2. Nf3 f5 3. c4 Nf6 4. Bg5 Be7 5. Nc3 Ne4 6. Bxe7 Qxe7 7. Qc2
Nxc3 8. bxc3 b6 9. g3 Bb7 10. Bg2 O-O 11. O-O Be4 12. Qd2 Nc6 13. d5 Na5 14.
Qd4 exd5 15. cxd5 d6 16. Rae1 Rae8 17. Nd2 Bxg2 18. Kxg2 f4 19. e3 fxg3 20.
hxg3 Nb7 21. Rh1 Qf7 22. Ref1 Nc5 23. Rh4 Re5 24. c4 Rh5 25. Rf4 Rf5 26. Rxf5
Qxf5 27. e4 Qg6 28. f3 a5 29. Rh1 Nd7 30. Rh4 Qf6 31. Qxf6 gxf6 32. Kf2 f5 33.
Rf4 fxe4 34. Rxf8+ Kxf8 1/2-1/2

[Event "Michigan Senior"]
[Site "Ann Arbor, MI"]
[Date "1997.??.??"]
[Round "4.4"]
[White "Jointer, William"]
[Black "Sheridan, Gregory"]
[Result "1/2-1/2"]
[WhiteElo "1670"]
[BlackElo "1925"]
[PlyCount "90"]
[EventDate "1997.??.??"]

{4/(4)} 1. d4 Nf6 2. Nc3 d5 3. e4 dxe4 4. f3 exf3 5. Nxf3 g6 6. Bc4 Bg7 7. O-O
O-O 8. Qe1 Nbd7 9. Qh4 c6 10. Be3 Qa5 11. Ne4 Qh5 12. Nxf6+ Nxf6 13. Qg3 Nd5
14. Bd2 Qg4 15. Qf2 Nf4 16. Bxf4 Qxf4 17. c3 Bg4 18. Qe1 Bxf3 19. Rxf3 Qd6 20.
Qf2 Bf6 21. Rf1 b5 22. Bb3 a5 23. a3 b4 24. axb4 axb4 25. Qe3 Ra5 26. Rh3 Rh5
27. Rxh5 gxh5 28. Kh1 bxc3 29. bxc3 Bg7 30. Qg3 e5 31. dxe5 Qxe5 32. Qxe5 Bxe5
33. Rf3 Kg7 34. g3 f5 35. Rd3 f4 36. Kg2 fxg3 37. hxg3 Kh6 38. Re3 Rf5 39. c4
c5 40. Bc2 Rg5 41. Rf3 h4 42. Rf7 Rxg3+ 43. Kf1 Rg7 44. Rxg7 Kxg7 45. Kg2 h5
1/2-1/2

[Event "Michigan Senior"]
[Site "Ann Arbor, MI"]
[Date "1997.??.??"]
[Round "2.8"]
[White "Jointer, William"]
[Black "Poniatowski, Don"]
[Result "1-0"]
[WhiteElo "1670"]
[BlackElo "1605"]
[PlyCount "71"]
[EventDate "1997.??.??"]

{2/(8)} 1. e4 Nf6 2. e5 Nd5 3. c4 Nb6 4. d4 d6 5. exd6 exd6 6. Nf3 Bf5 7. Nc3
Nc6 8. b3 Bg4 9. Be3 Be7 10. Bd3 Nd7 11. O-O Nf6 12. d5 Bxf3 13. gxf3 Ne5 14.
Be2 O-O 15. f4 Ng6 16. Kh1 Qd7 17. Rg1 c5 18. Qf1 Bd8 19. Bd3 Re8 20. Qg2 a6
21. f5 Ba5 22. fxg6 fxg6 23. Ne2 Re7 24. Nf4 Rf8 25. Ne6 Rff7 26. f4 Rxe6 27.
dxe6 Qxe6 28. Qf3 d5 29. f5 Ne4 30. cxd5 Rxf5 31. Qxe4 Qxe4+ 32. Bxe4 Re5 33.
Rg4 h5 34. Rxg6 Rxe4 35. Bxc5 Re5 36. Rag1 1-0

[Event "Lansing (MOR/7/30)"]
[Site "?"]
[Date "1997.??.??"]
[Round "?"]
[White "Jointer, William"]
[Black "Masek, Adam"]
[Result "0-1"]
[WhiteElo "1640"]
[BlackElo "1605"]
[PlyCount "104"]
[EventDate "1997.??.??"]

{7/(30)} 1. e4 c6 2. d4 d5 3. exd5 cxd5 4. c4 Nc6 5. Nc3 dxc4 6. Bxc4 Qxd4 7.
Qb3 Qe5+ 8. Be3 e6 9. Nf3 Qf5 10. O-O Nf6 11. Bb5 Bd7 12. Rad1 Bc5 13. Bg5 a6
14. Bd3 Qg4 15. Qxb7 Rb8 16. Qc7 Rc8 17. Qb7 h6 18. Bxf6 gxf6 19. Qxd7+ Kxd7
20. Bf5+ Qd4 21. Nxd4 Nxd4 22. Bh3 Ke7 23. Rfe1 Rcd8 24. g3 Nf3+ 25. Kg2 Nxe1+
26. Rxe1 Rd2 27. Ne4 Rc2 28. Nxc5 Rxc5 29. Re2 Rhc8 30. Re3 Rc2 31. Rc3 R8xc3
32. bxc3 Rxc3 33. Bg4 Ra3 34. h4 f5 35. Be2 Rxa2 36. Kf3 a5 37. Bc4 Rc2 38. Bb5
Kd6 39. Ke3 Kc5 40. Ba4 Ra2 41. Be8 a4 42. Bxf7 Ra1 43. Bxe6 Re1+ 44. Kf4 Rxe6
45. Kxf5 Re8 46. f4 a3 47. g4 a2 48. Kg6 a1=Q 49. Kxh6 Qh8+ 50. Kg5 Qg7+ 51.
Kf5 Qf7+ 52. Kg5 Rg8+ 0-1

[Event "Lansing (MOR/2/28)"]
[Site "?"]
[Date "1997.??.??"]
[Round "?"]
[White "Jointer, William"]
[Black "Khraizat, Ali"]
[Result "1-0"]
[WhiteElo "1640"]
[BlackElo "1605"]
[PlyCount "53"]
[EventDate "1997.??.??"]

{2/(28)} 1. d4 d5 2. e4 c6 3. e5 e6 4. Nc3 Bd7 5. Nh3 h6 6. Bd3 c5 7. Qh5 cxd4
8. Ng5 Qe7 9. Nb5 Bxb5 10. Bxb5+ Nc6 11. a3 g6 12. Qh3 Bg7 13. Nf3 Qc5 14. Bd3
Nge7 15. O-O Nxe5 16. Nxe5 Bxe5 17. Re1 Qd6 18. Bd2 Nc6 19. b4 a6 20. a4 b6 21.
b5 Na5 22. Rab1 Nc4 23. Bb4 Qc7 24. Bxg6 fxg6 25. Qxe6+ Kd8 26. Qxd5+ Bd6 27.
Qxa8+ 1-0

[Event "Michigan Team"]
[Site "Ann Arbor, MI"]
[Date "1997.??.??"]
[Round "2.22"]
[White "Jendras, Gerard"]
[Black "Wysocki, Jason"]
[Result "0-1"]
[WhiteElo "1875"]
[BlackElo "2175"]
[PlyCount "106"]
[EventDate "1997.??.??"]

{2/2} 1. e4 c5 2. Nf3 d6 3. c3 Nf6 4. Bd3 Nc6 5. h3 g6 6. Bc2 Bg7 7. O-O O-O 8.
d4 cxd4 9. cxd4 Nb4 10. Nc3 Nxc2 11. Qxc2 Qa5 12. Bd2 Qh5 13. Qd3 Rd8 14. Rfe1
a6 15. Ne2 Bd7 16. a4 d5 17. e5 Ne4 18. Nf4 Qh6 19. Be3 Bf5 20. Qb3 g5 21. Nxd5
Qe6 22. Qxb7 Qxd5 23. Qxd5 Rxd5 24. Nxg5 Nxg5 25. Bxg5 e6 26. g4 Bg6 27. Be3
Rb8 28. Rec1 Be4 29. Rc7 a5 30. f3 Bg6 31. Rac1 Bf8 32. Rc8 Rd8 33. Rxd8 Rxd8
34. Kf2 Rb8 35. Kg3 h6 36. h4 Kg7 37. h5 Bh7 38. g5 hxg5 39. Bxg5 Bf5 40. Kf4
Bb4 41. Ke3 Kh7 42. Rc7 Kg8 43. Rc1 Bf8 44. Rg1 Kh7 45. Rc1 Rb3+ 46. Kf4 Bb4
47. Kg3 Be4 48. Rf1 Bc6 49. Kg4 Rxb2 50. Bf6 Bxa4 51. Rg1 Rh2 52. f4 Bc2 53.
Bh4 Bf5+ 0-1

[Event "Kalamazoo (MI Am/4/1)"]
[Site "?"]
[Date "1997.??.??"]
[Round "?"]
[White "Jendras, Gerard"]
[Black "Moore, Robert"]
[Result "1-0"]
[WhiteElo "1860"]
[BlackElo "1715"]
[PlyCount "65"]
[EventDate "1997.??.??"]

{4/(1)} 1. e4 c5 2. Nf3 d6 3. c3 Nf6 4. Bd3 Qc7 5. Bc2 g6 6. d4 cxd4 7. cxd4
Bg4 8. Nc3 Bg7 9. h3 Bd7 10. Be3 O-O 11. Rc1 a6 12. O-O Nc6 13. Qd2 Rac8 14.
Rfd1 Rfd8 15. Nd5 Nxd5 16. exd5 Na7 17. Bxg6 Qb6 18. Be4 Rf8 19. Bh6 f5 20.
Bxg7 Kxg7 21. Qg5+ Kh8 22. Qxe7 fxe4 23. Ng5 Bf5 24. Rxc8 Rxc8 25. Qf6+ Kg8 26.
Qf7+ Kh8 27. Qxf5 Qc7 28. Qxe4 Nb5 29. a4 Qg7 30. Ne6 Qg6 31. Qxg6 hxg6 32.
axb5 axb5 33. Rd3 1-0

[Event "Michigan Team"]
[Site "Ann Arbor, MI"]
[Date "1997.??.??"]
[Round "3.22"]
[White "Jendras, Gerard"]
[Black "Mahabir, Naresh"]
[Result "1-0"]
[WhiteElo "1895"]
[BlackElo "1605"]
[PlyCount "61"]
[EventDate "1997.??.??"]

{3/2} 1. e4 e5 2. Nf3 Nc6 3. Bc4 Bc5 4. c3 Nf6 5. d4 exd4 6. cxd4 Bb6 7. d5 Ne7
8. e5 Ne4 9. O-O d6 10. Nc3 Nxc3 11. bxc3 O-O 12. Re1 Nf5 13. Bf4 Nh4 14. Bg3
Nxf3+ 15. Qxf3 Qe7 16. exd6 Qd7 17. Re7 Qa4 18. Bb3 Qg4 19. Qxg4 Bxg4 20. dxc7
Bc5 21. d6 Rac8 22. Rae1 Bf5 23. d7 Bxe7 24. dxc8=Q Bxc8 25. Rxe7 g6 26. Bf4
Bf5 27. Bh6 Rc8 28. Rxf7 Kh8 29. Bg7+ Kg8 30. Re7+ Be6 31. Bxe6# 1-0

[Event "Kalamazoo (MI Am/2/11)"]
[Site "?"]
[Date "1997.??.??"]
[Round "?"]
[White "Jendras, Gerard"]
[Black "Juntunen, Michael"]
[Result "1-0"]
[WhiteElo "1860"]
[BlackElo "1605"]
[PlyCount "77"]
[EventDate "1997.??.??"]

{2/(11)} 1. e4 c6 2. d4 d5 3. exd5 cxd5 4. Bd3 Nc6 5. c3 Nf6 6. Bf4 Bg4 7. Nf3
e6 8. Nbd2 Be7 9. Qb3 Qc8 10. O-O O-O 11. h3 Bh5 12. Rfe1 a6 13. Ne5 Nxe5 14.
Bxe5 Qc6 15. Re3 Nd7 16. Bg3 Bg5 17. f4 Bd8 18. Rf1 Bc7 19. Nf3 Nf6 20. Nd2 Nd7
21. Qc2 f5 22. Rfe1 Rae8 23. Rf1 Nf6 24. Bh4 Ne4 25. Be2 Bxe2 26. Rxe2 Nf6 27.
Bxf6 Rxf6 28. g3 Bb6 29. Nf3 Bc7 30. Rfe1 h6 31. h4 Rg6 32. Kh2 Rf6 33. Re3 Kf7
34. h5 Kf8 35. Nh4 Kf7 36. Ng6 b5 37. Ne5+ Bxe5 38. fxe5 f4 39. exf6 1-0

[Event "Kalamazoo (MI Am/2/16)"]
[Site "?"]
[Date "1997.??.??"]
[Round "?"]
[White "Jaynes, A."]
[Black "Moore, Robert"]
[Result "0-1"]
[WhiteElo "1605"]
[BlackElo "1715"]
[PlyCount "56"]
[EventDate "1997.??.??"]

{2/(16)} 1. e4 c5 2. Nf3 d6 3. d4 cxd4 4. Nxd4 Nf6 5. Nc3 a6 6. Be3 e6 7. Bg5
Be7 8. h3 O-O 9. Qf3 Nbd7 10. Qg3 Nh5 11. Qg4 Bxg5 12. Qxh5 Bh6 13. Bc4 Ne5 14.
Bb3 Qg5 15. Qxg5 Bxg5 16. Nde2 Bh4 17. g3 Nf3+ 18. Kf1 Bf6 19. Rd1 Be7 20. Rd3
Ne5 21. Rd2 b5 22. Ke1 Nf3+ 23. Kd1 Nxd2 24. Kxd2 Bb7 25. f4 b4 26. Na4 Bxe4
27. Rg1 Rab8 28. Nd4 Rfc8 0-1

[Event "Kalamazoo (MI Am/4/30)"]
[Site "?"]
[Date "1997.??.??"]
[Round "?"]
[White "Jaynes, A."]
[Black "Carpenter, O."]
[Result "0-1"]
[WhiteElo "1605"]
[BlackElo "1605"]
[PlyCount "62"]
[EventDate "1997.??.??"]

{4/(30)} 1. e4 c5 2. Nf3 Nc6 3. d4 cxd4 4. Nxd4 e5 5. Nf3 Bb4+ 6. c3 Be7 7. Bb5
d6 8. h3 Bd7 9. Be3 Nf6 10. Nbd2 O-O 11. O-O a6 12. Ba4 b5 13. Bb3 h6 14. a4 b4
15. Ne1 bxc3 16. bxc3 Qc8 17. Qf3 g5 18. Rd1 Na5 19. Rb1 Qxc3 20. Qe2 Qc6 21.
Qd1 Nxb3 22. Qxb3 Qxa4 23. Qxa4 Bxa4 24. Nc4 Nxe4 25. Rb7 Bf6 26. Nb6 Rab8 27.
Rxb8 Rxb8 28. Nxa4 Rb4 29. f3 Ng3 30. Nc3 Nxf1 31. Nd1 Nxe3 0-1

[Event "Lansing (MI Op/3/3)"]
[Site "?"]
[Date "1997.??.??"]
[Round "?"]
[White "Jarosz, Stan"]
[Black "Ward, Tom"]
[Result "1/2-1/2"]
[WhiteElo "2040"]
[BlackElo "2235"]
[PlyCount "141"]
[EventDate "1997.??.??"]

{3/(3)} 1. d4 Nf6 2. Nf3 e6 3. c4 Bb4+ 4. Bd2 Qe7 5. g3 Bxd2+ 6. Qxd2 d6 7. Nc3
O-O 8. Bg2 e5 9. e3 c6 10. dxe5 dxe5 11. O-O Rd8 12. Qc2 Bg4 13. h3 Bh5 14. Nh4
Nfd7 15. Nf5 Qe6 16. g4 Bg6 17. b3 Na6 18. Rad1 Nf6 19. e4 h6 20. Ne2 Qe8 21.
Neg3 Nc5 22. b4 Ne6 23. c5 a5 24. a3 axb4 25. axb4 Rd7 26. Rxd7 Qxd7 27. Rd1
Qc7 28. Qc3 Ne8 29. Nd6 Nd4 30. Nc4 f6 31. Ra1 Rxa1+ 32. Qxa1 Bf7 33. Ne3 g6
34. Bf1 Ng7 35. Qa8+ Kh7 36. Qf8 Nge6 37. Qd6 b5 38. Qxc7 Nxc7 39. Ne2 Nce6 40.
Nxd4 Nxd4 41. Bd3 Bb3 42. Kf1 Kg7 43. Ke1 Nf3+ 44. Kf1 Nd4 45. Ke1 Nf3+ 46. Kf1
Kf7 47. Ng2 Ke7 48. h4 Be6 49. h5 Kf7 50. Ne3 Nh2+ 51. Kg2 Nxg4 52. hxg6+ Kxg6
53. Nf5 Kg5 54. Ne7 Bd7 55. Bxb5 cxb5 56. c6 Be6 57. Nd5 f5 58. Nc3 Kf6 59.
Nxb5 Ke7 60. exf5 Bxf5 61. Nc3 Kd6 62. b5 Nf6 63. Kg3 Ne4+ 64. Nxe4+ Bxe4 65.
f4 Bd3 66. fxe5+ Kc7 67. Kh4 Bg6 68. e6 Be8 69. Kg4 Kd6 70. Kh4 Kxe6 71. b6
1/2-1/2

[Event "Lansing (MI Op/2/12)"]
[Site "?"]
[Date "1997.??.??"]
[Round "?"]
[White "Jarosz, Stan"]
[Black "Solon, Nathan"]
[Result "1-0"]
[WhiteElo "2040"]
[BlackElo "1870"]
[PlyCount "109"]
[EventDate "1997.??.??"]

{2/(12)} 1. d4 Nf6 2. Nf3 c5 3. c4 cxd4 4. Nxd4 Nc6 5. Nc3 g6 6. e4 d6 7. Be2
Nxd4 8. Qxd4 Bg7 9. Be3 O-O 10. Qd2 Be6 11. Rc1 Qa5 12. b3 Rfc8 13. f3 a6 14.
O-O b5 15. Nd5 Qxd2 16. Bxd2 Bxd5 17. cxd5 Nd7 18. Rxc8+ Rxc8 19. Rc1 Rxc1+ 20.
Bxc1 Bd4+ 21. Kf1 Nc5 22. Bd2 Kf8 23. Ke1 Kg7 24. Kd1 Kf6 25. Kc2 Ke5 26. g3 f5
27. exf5 Kxf5 28. b4 Na4 29. Bd3+ Kf6 30. g4 Nb6 31. Be4 Kf7 32. h4 Nc4 33. Bc1
Bf2 34. h5 Be1 35. a3 Kf6 36. g5+ Kg7 37. h6+ Kf7 38. f4 Bf2 39. Kd3 Bg3 40.
Ke2 Bh4 41. f5 Bg3 42. fxg6+ hxg6 43. Bg2 Be5 44. Kd3 Ke8 45. Bh3 Kd8 46. Be6
Bh8 47. Ke4 Ne5 48. Bb2 Nf7 49. Bxf7 Bxb2 50. h7 Kd7 51. Bxg6 Kd8 52. Kf5 Kd7
53. Bf7 Bd4 54. Be6+ Kd8 55. Kg6 1-0

[Event "Lansing (MI Op/5/10)"]
[Site "?"]
[Date "1997.??.??"]
[Round "?"]
[White "Jarosz, Stan"]
[Black "Morabito, Matthew"]
[Result "1-0"]
[WhiteElo "2040"]
[BlackElo "1925"]
[PlyCount "131"]
[EventDate "1997.??.??"]

{5/(10)} 1. d4 Nf6 2. Nf3 g6 3. Bf4 Bg7 4. h3 d6 5. e3 O-O 6. Be2 Nbd7 7. O-O
b6 8. c3 Bb7 9. a4 c5 10. Na3 Re8 11. Bh2 Ne4 12. Re1 a6 13. Nd2 e5 14. Nxe4
Bxe4 15. Nc4 Qe7 16. dxe5 Nxe5 17. Nxe5 dxe5 18. f3 Bc6 19. e4 Qb7 20. Qc2 b5
21. axb5 axb5 22. Kh1 c4 23. Bg1 Rxa1 24. Rxa1 Ra8 25. Rxa8+ Qxa8 26. Be3 Qe8
27. b3 cxb3 28. Qxb3 Qd7 29. Qb2 Qe8 30. Bd1 Bd7 31. Bb3 Bc6 32. Qd2 Qd7 33.
Bd5 Bxd5 34. exd5 Bf8 35. Qa2 Kg7 36. c4 bxc4 37. Qxc4 Qd6 38. Qc6 Be7 39. Bb6
Qb4 40. Bf2 Bd6 41. Bg3 f5 42. Qd7+ Kh6 43. Qe6 f4 44. Bh4 Qc5 45. Qg4 Be7 46.
Bxe7 Qxe7 47. Qc8 e4 48. fxe4 Qxe4 49. Qg4 g5 50. d6 Qe1+ 51. Kh2 Kg6 52. d7
Qe7 53. Qd1 Qd8 54. Qd6+ Kf7 55. h4 gxh4 56. Qxf4+ Ke7 57. Qe4+ Kxd7 58. Qxh7+
Qe7 59. Qxe7+ Kxe7 60. Kh3 Kf6 61. Kxh4 Kf5 62. g3 Kf6 63. Kh5 Kg7 64. Kg5 Kg8
65. Kg6 Kf8 66. g4 1-0

[Event "Lansing (MI Op/6/5)"]
[Site "?"]
[Date "1997.??.??"]
[Round "?"]
[White "Jarosz, Stan"]
[Black "Ciaffone, Bob"]
[Result "0-1"]
[WhiteElo "2040"]
[BlackElo "2200"]
[PlyCount "104"]
[EventDate "1997.??.??"]

{6/(5)} 1. d4 d5 2. Nf3 Nf6 3. Bf4 c5 4. e3 Nc6 5. c3 Qb6 6. Qc1 cxd4 7. exd4
Bf5 8. Nbd2 h6 9. h3 Rc8 10. a3 e6 11. Be2 Be7 12. O-O O-O 13. Re1 Rfe8 14. Nf1
Ne4 15. Ne3 Bh7 16. b4 a6 17. Qb2 Na7 18. c4 dxc4 19. Nxc4 Qd8 20. Rac1 Nf6 21.
Nce5 Nd5 22. Bh2 Bd6 23. Nd3 Bxh2+ 24. Kxh2 Bxd3 25. Bxd3 Qd6+ 26. g3 Qb8 27.
Ne5 Rxc1 28. Rxc1 Rd8 29. Bf1 Nc8 30. Nd3 Nd6 31. Nc5 Nf5 32. Kg1 Nde7 33. Bg2
Nd5 34. Re1 Qa7 35. Be4 b6 36. Nb3 a5 37. Bxf5 exf5 38. Qd2 axb4 39. axb4 Qa4
40. Rb1 Qxb4 41. Qd3 Nc3 42. Rb2 Ne4 43. Rb1 Qd6 44. Qe3 Qf6 45. Rd1 Ng5 46.
Kh2 f4 47. Qxf4 Qxf4 48. gxf4 Ne4 49. Kg2 Kf8 50. Kf3 f5 51. Rc1 Ra8 52. Rc6
Ra3 0-1

[Event "Tecumseh (RVO/2/3)"]
[Site "?"]
[Date "1997.??.??"]
[Round "?"]
[White "Jamssens, M."]
[Black "Moody, David"]
[Result "0-1"]
[WhiteElo "1605"]
[BlackElo "2020"]
[PlyCount "68"]
[EventDate "1997.??.??"]

{2/(3)} 1. d4 Nf6 2. c4 g6 3. Nc3 Bg7 4. e4 d6 5. Nge2 O-O 6. Ng3 e5 7. d5 c6
8. Be2 Ne8 9. h4 f5 10. Bg5 Nf6 11. h5 f4 12. Nf1 h6 13. Bxf6 Qxf6 14. hxg6
Qxg6 15. Bf3 Nd7 16. Nd2 Nf6 17. Qe2 Bd7 18. Rh2 Bg4 19. Bxg4 Nxg4 20. Rh4 h5
21. O-O-O Bf6 22. Rh3 Kg7 23. Rdh1 Rh8 24. Nf1 Bg5 25. Nh2 f3+ 26. Qe3 Nxf2 27.
Nxf3 Bxe3+ 28. Kc2 Nxh1 29. Nh4 Qg4 30. Nf5+ Kg8 31. Nxe3 Qg5 32. Ne2 Nf2 33.
Rg3 Ng4 34. Ng1 Nxe3+ 0-1

[Event "Tecumseh (RVO/4/6)"]
[Site "?"]
[Date "1997.??.??"]
[Round "?"]
[White "Jamssens, M."]
[Black "Henderson, H."]
[Result "1-0"]
[WhiteElo "1605"]
[BlackElo "1840"]
[PlyCount "101"]
[EventDate "1997.??.??"]

{4/(6)} 1. d4 Nf6 2. c4 e6 3. Nc3 Bb4 4. e3 Ne4 5. Qc2 f5 6. Nge2 b6 7. a3
Bxc3+ 8. Nxc3 Bb7 9. Bd3 Ng5 10. f3 O-O 11. Qf2 d6 12. Bd2 Nd7 13. Qg3 Qf6 14.
h4 Nf7 15. Qf2 e5 16. Ne2 e4 17. fxe4 fxe4 18. Qxf6 Nxf6 19. Bc2 Nh6 20. O-O-O
Nfg4 21. Rdf1 Nf5 22. Rh3 Rae8 23. Rf4 Nfh6 24. Ba4 c6 25. d5 Ne5 26. Rxf8+
Rxf8 27. Nf4 cxd5 28. cxd5 Nd3+ 29. Nxd3 exd3 30. e4 Rf1+ 31. Bd1 Ba6 32. Bxh6
gxh6 33. Rg3+ Kf7 34. Rf3+ Rxf3 35. gxf3 Kf6 36. f4 Bc4 37. Kd2 a5 38. b3 Ba6
39. a4 b5 40. axb5 Bxb5 41. Kc3 Ba6 42. Kd4 Bb5 43. e5+ dxe5+ 44. fxe5+ Kf5 45.
e6 d2 46. Kc5 Be8 47. Kd6 Kf4 48. Ke7 Bg6 49. d6 Be4 50. d7 Bf3 51. Bc2 1-0

[Event "Tecumseh (RVO/5/7)"]
[Site "?"]
[Date "1997.??.??"]
[Round "?"]
[White "Jamssens, M."]
[Black "Cole, J."]
[Result "0-1"]
[WhiteElo "1605"]
[BlackElo "1820"]
[PlyCount "152"]
[EventDate "1997.??.??"]

{5/(7)} 1. d4 Nf6 2. c4 g6 3. Nc3 d5 4. e3 Bg7 5. Nf3 O-O 6. Bd3 c6 7. cxd5
Nxd5 8. Qb3 Nb6 9. O-O Be6 10. Qc2 a5 11. a4 Na6 12. Bxa6 Rxa6 13. b3 Nd5 14.
Ba3 Nxc3 15. Qxc3 h6 16. h3 Re8 17. Rfd1 Qd5 18. b4 Qb3 19. Qxb3 Bxb3 20. Rdb1
Bxa4 21. bxa5 Bb5 22. Bc5 e6 23. Bb6 Rea8 24. Rc1 Bf8 25. Nd2 Bb4 26. Nb3 Rb8
27. Nc5 Raa8 28. Nd7 Rc8 29. Nc5 Ba6 30. Ra4 Bxc5 31. dxc5 Re8 32. Rd1 e5 33.
Rd6 Kg7 34. e4 Bb5 35. Ra2 Bc4 36. Rad2 Be6 37. f3 Kf6 38. Bd8+ Kg7 39. Bb6 h5
40. h4 Rac8 41. Kh2 f6 42. g3 Kf7 43. Kg2 Rg8 44. Kg1 g5 45. hxg5 Rxg5 46. Kh2
Rcg8 47. Rg2 Ke7 48. Rd1 f5 49. Rdg1 fxe4 50. fxe4 Rg4 51. Re1 h4 52. Re3 h3
53. Rg1 Rf8 54. Re2 Rf3 55. Bc7 Rg5 56. Rd2 Bd7 57. Rb2 Bc8 58. Rd2 Kf7 59. Rb2
Kg6 60. Rd2 Re3 61. Rd8 Re2+ 62. Kh1 Bg4 63. Rf1 Be6 64. Rd6 Rxe4 65. Rxe6+ Kh5
66. Bd8 Rxg3 67. Rf5+ Kg4 68. Rg5+ Kf3 69. Rf6+ Rf4 70. Rxg3+ Kxg3 71. Rxf4
exf4 72. Bc7 Kf3 73. Kg1 Ke3 74. Bd8 Ke2 75. Bh4 f3 76. Bf2 h2+ 0-1

[Event "Lansing (MOR/6/6)"]
[Site "?"]
[Date "1997.??.??"]
[Round "?"]
[White "James, Larry"]
[Black "Rotberg, Victor"]
[Result "0-1"]
[WhiteElo "1605"]
[BlackElo "1710"]
[PlyCount "76"]
[EventDate "1997.??.??"]

{6/(6)} 1. e4 c5 2. Nf3 d6 3. d4 cxd4 4. Nxd4 Nf6 5. Nc3 a6 6. Bg5 e6 7. f4
Nbd7 8. Qf3 Qc7 9. O-O-O b5 10. Bd3 Bb7 11. Qh3 Be7 12. Bxf6 Nxf6 13. e5 dxe5
14. Ncxb5 axb5 15. Bxb5+ Kf8 16. fxe5 Qxe5 17. Rhe1 Qg5+ 18. Kb1 Qxg2 19. Nxe6+
fxe6 20. Qxe6 Bb4 21. Bc4 Qg6 22. Rf1 Be4 23. Rd7 Bxc2+ 24. Ka1 Bf5 25. Rxf5
Qg1+ 26. Rf1 Qxf1+ 27. Bxf1 Nxd7 28. Bc4 Ne5 29. Qxe5 Be7 30. Qf5+ Bf6 31. Qd5
Ra7 32. Qc5+ Re7 33. a4 g6 34. a5 Kg7 35. Qc6 Rb8 36. Ka2 Rxb2+ 37. Ka3 Re3+
38. Ka4 Be7 0-1